Cueva de Ardales (Record no. 14381)
[ view plain ]
| 000 -LEADER | |
|---|---|
| campo de control de longitud fija | 00721nam a2200217 i 4500 |
| 001 - NÚMERO DE CONTROL | |
| campo de control | 14381 |
| 003 - IDENTIFICADOR DE NÚMERO DE CONTROL | |
| campo de control | ES-MaACL |
| 005 - FECHA Y HORA DE LA ÚLTIMA TRANSACCIÓN | |
| campo de control | 20250928145031.0 |
| 007 - CAMPO FIJO DE DESCRIPCIÓN FÍSICA--INFORMACIÓN GENERAL | |
| campo de control de longitud fija | t| |
| 008 - DATOS DE LONGITUD FIJA--INFORMACIÓN GENERAL | |
| campo de control de longitud fija | 920615s1992 sp ab |||| | spa j |
| 080 ## - NÚMERO DE LA CLASIFICACIÓN DECIMAL UNIVERSAL | |
| Número de la Clasificación Decimal Universal | 903(460.356 Ardales) |
| 245 00 - MENCIÓN DEL TÍTULO | |
| Título | Cueva de Ardales |
| Resto del título | : su recuperación y estudio / |
| Mención de responsabilidad, etc. | José Ramos Muñoz ... [et al.]. |
| 250 ## - MENCION DE EDICION | |
| Mención de edición | 1ª ed. |
| 260 ## - PUBLICACIÓN, DISTRIBUCIÓN, ETC. | |
| Lugar de publicación, distribución, etc. | Ardales, Malaga : |
| Nombre del editor, distribuidor, etc. | Ayuntamiento, |
| Fecha de publicación, distribución, etc. | 1992. |
| 300 ## - DESCRIPCIÓN FÍSICA | |
| Extensión | 233 p., [1] h. de map. pleg : |
| Otras características físicas | il ; |
| Dimensiones | 24 cm. |
| 504 ## - NOTA DE BIBLIOGRAFÍA, ETC. | |
| Nota de bibliografía, etc. | Bibliografía: p. 222-230. |
| 651 #4 - PUNTO DE ACCESO ADICIONAL DE MATERIA--NOMBRE GEOGRÁFICO | |
| Nombre geográfico | Cueva de Ardales (Málaga)- |
| Subdivisión general | Restos arqueológicos prehistóricos. |
| 9 (RLIN) | 8124 |
| 700 0# - ENTRADA AGREGADA--NOMBRE PERSONAL | |
| Nombre de persona | Ramos Muñoz, José |
| 9 (RLIN) | 95341 |
| 852 ## - LOCALIZACIÓN | |
| Ubicación | ES-MaACL |
| Número de control de estantería | L-21663 |
| Estatus retirado | Estado de pérdida | Estado de daño | No para préstamo | Biblioteca de origen | Biblioteca actual | Ubicación en estantería | Fecha de adquisición | Fuente de adquisición | Total de préstamos | Signatura topográfica completa | Código de barras | Visto por última vez | Precio de reemplazo | Tipo de ítem Koha |
|---|---|---|---|---|---|---|---|---|---|---|---|---|---|---|
| Biblioteca del Ateneo de Madrid | Biblioteca del Ateneo de Madrid | Depósito 2 | 17/01/2008 | L-21663 | 1014628 | 23/02/2023 | 23/02/2023 | Libro impreso |
